000 00351nam a2200121Ia 4500
008 231129s9999||||xx |||||||||||||| ||spa||
020 _a958-653-031-0
040 _bspa
082 _a306 / C967
245 0 _aCultura organizacional: aspectos teoricos practicos y metodologicos
264 _aLegis
942 _2ddc
_cBKS
999 _c8598
_d8598